00767nam a22002417a 45000050016000000100015000160200023000310350013000540370013000670820015000801000020000952450095001152600045002102700095002553000038003504900028003885000019004165050036004356500011004716500010004827000017004927000016005092010082107027.0 aENG-101230 a8181770307c680.00 aEN-84763 bDBAD/PUB a582.130954 aKarthikeyan, S. aFlowering plants of India dicotyledond /cby S. Karthikeyan , M. sanjappa [and] S. Moorthy aKolkatabBotanical Survey of Indiac2009 aCGO Complex, 3rd MSO Building, DF Block 5th and 6th Floor, Salt Lake CitybKolkatae700064 av.1 (li,365p.)c29cm (Hb)ephotos aFlora of India Series 4 aincludes index av.1- Acanthacae - Avicennaiceae aBotony zIndia aSanjappa, M. aMoorthy, S.